[Event "22nd ETCC Women 2019"]
[Site "Batumi"]
[Date "2019.10.25"]
[Round "2.23"]
[White "Lanchava, Tea"]
[Black "Sandu, Mihaela"]
[Result "1/2-1/2"]
[WhiteElo "2236"]
[BlackElo "2260"]
[Annotator "NA"]
[PlyCount "61"]
[EventDate "2019.10.24"]
[EventType "team-tourn"]
[EventCountry "GEO"]
[SourceTitle "playchess.com"]
[Source "ChessBase"]
[SourceQuality "1"]
[WhiteTeam "Netherlands"]
[BlackTeam "Romania"]
[WhiteTeamCountry "NED"]
[BlackTeamCountry "ROU"]
[TimeControl "40/5400+30:1800+30"]

1. c4 {[%emt 0:00:00]} c5 {[%emt 0:00:00]} 2. Nc3 {[%emt 0:02:17]} Nc6 {[%emt 0:00:03]} 3. g3 {[%emt 0:00:23]} g6 {[%emt 0:00:09]} 4. Bg2 {[%emt 0:00:52]} Bg7 {[%emt 0:00:06]} 5. d3 {[%emt 0:01:50]} d6 {[%emt 0:00:32]} 6. e4 {[%emt 0:05:44]} e6 {[%emt 0:00:25]} 7. Nge2 {[%emt 0:00:27]} Nge7 {[%emt 0:00:09]} 8. O-O {[%emt 0:00:21]} O-O {[%emt 0:00:22]} 9. Be3 {[%emt 0:00:45]} Nd4 {[%emt 0:00:11]} 10. Qd2 {[%emt 0:01:27]} Nec6 {[%emt 0:01:22]} 11. f4 {[%emt 0:14:20]} Rb8 {[%emt 0:17:55]} 12. Kh1 {[%emt 0:01:37]} f5 {[%emt 0:02:55]} 13. Rae1 {[%emt 0:16:34]} a6 {[%emt 0:05:18]} 14. Bg1 {[%emt 0:06:42]} Qa5 {[%emt 0:13:03]} 15. Qc1 {[%emt 0:07:59]} Bd7 {[%emt 0:00:43]} 16. a3 {[%emt 0:11:26]} b5 {[%emt 0:12:07]} 17. cxb5 {[%emt 0:00:07]} axb5 {[%emt 0:02:15]} 18. Nxd4 {[%emt 0:00:37]} Nxd4 {[%emt 0:00:41]} 19. Ne2 {[%emt 0:00:26]} Nb3 {[%emt 0:18:24]} 20. Qc2 {[%emt 0:00:29]} c4 {[%emt 0:00:36]} 21. Rd1 {[%emt 0:02:11]} Qc7 {[%emt 0:08:30]} 22. dxc4 {[%emt 0:04:33]} bxc4 {[%emt 0:01:01]} 23. Nc3 {[%emt 0:01:26]} fxe4 {[%emt 0:06:14]} 24. Nxe4 {[%emt 0:00:37]} d5 {[%emt 0:00:05]} 25. Ng5 {[%emt 0:01:10]} Nc5 {[%emt 0:01:40]} 26. Rb1 {[%emt 0:00:39]} Nb3 {[%emt 0:04:02]} 27. h4 {[%emt 0:02:46]} d4 {[%emt 0:00:32]} 28. Rbd1 {[%emt 0:03:49]} Qc8 {[%emt 0:00:56]} 29. Qe4 {[%emt 0:00:52]} Nc5 {[%emt 0:01:09]} 30. Qc2 {[%emt 0:00:07]} Nd3 {[%emt 0:02:33]} 31. b4 1/2-1/2

[Event "22nd ETCC Women 2019"]
[Site "Batumi"]
[Date "2019.10.25"]
[Round "2.23"]
[White "Longson, Sarah N"]
[Black "Barbier, Astrid"]
[Result "1/2-1/2"]
[WhiteElo "2073"]
[BlackElo "1974"]
[Annotator "NA"]
[PlyCount "137"]
[EventDate "2019.10.24"]
[EventType "team-tourn"]
[EventCountry "GEO"]
[SourceTitle "playchess.com"]
[Source "ChessBase"]
[SourceQuality "1"]
[WhiteTeam "England"]
[BlackTeam "Belgium"]
[WhiteTeamCountry "ENG"]
[BlackTeamCountry "BEL"]
[TimeControl "40/5400+30:1800+30"]

1. e4 {[%emt 0:00:00]} c5 {[%emt 0:00:00]} 2. Nf3 {[%emt 0:00:00]} g6 {[%emt 0:00:00]} 3. d4 {[%emt 0:00:00]} cxd4 {[%emt 0:00:00]} 4. Qxd4 {[%emt 0:00:00]} Nf6 {[%emt 0:00:00]} 5. e5 {[%emt 0:00:15]} Nc6 {[%emt 0:00:00]} 6. Qa4 {[%emt 0:00:31]} Nd5 {[%emt 0:00:21]} 7. Qb3 {[%emt 0:00:38]} Nb6 {[%emt 0:04:08]} 8. Bf4 {[%emt 0:01:09]} Bg7 {[%emt 0:06:21]} 9. Nc3 {[%emt 0:00:28]} d5 {[%emt 0:07:13]} 10. exd6 {[%emt 0:01:44]} O-O {[%emt 0:02:16]} 11. O-O-O {[%emt 0:01:15]} Be6 {[%emt 0:18:27]} 12. Qa3 {[%emt 0:01:28]} Bxc3 {[%emt 0:13:43]} 13. Qxc3 {[%emt 0:03:48]} Nd5 {[%emt 0:02:30]} 14. Rxd5 {[%emt 0:03:56]} Bxd5 {[%emt 0:01:37]} 15. Bh6 {[%emt 0:00:20]} f6 {[%emt 0:00:24]} 16. Bxf8 {[%emt 0:04:11]} Kxf8 {[%emt 0:01:50]} 17. dxe7+ {[%emt 0:02:00]} Qxe7 {[%emt 0:00:57]} 18. Bc4 {[%emt 0:07:11]} Bxf3 {[%emt 0:13:12]} 19. Qxf3 {[%emt 0:03:02]} Ne5 {[%emt 0:00:45]} 20. Qd5 {[%emt 0:00:20]} Nxc4 {[%emt 0:00:28]} 21. Qxc4 {[%emt 0:00:02]} Rd8 {[%emt 0:03:02]} 22. Qc3 {[%emt 0:06:08]} Kg7 {[%emt 0:02:16]} 23. Re1 {[%emt 0:07:03]} Qd6 {[%emt 0:00:57]} 24. Qe3 {[%emt 0:00:39]} Rd7 {[%emt 0:01:15]} 25. g3 {[%emt 0:08:10]} b6 {[%emt 0:01:11]} 26. a3 {[%emt 0:08:41]} Qd5 {[%emt 0:05:48]} 27. Qe8 {[%emt 0:03:48]} Qd6 {[%emt 0:02:12]} 28. h4 {[%emt 0:01:18]} Qd2+ {[%emt 0:07:00]} 29. Kb1 {[%emt 0:00:10]} Qd6 {[%emt 0:00:06]} 30. h5 {[%emt 0:01:03]} Qd5 {[%emt 0:05:02]} 31. hxg6 {[%emt 0:04:03]} hxg6 {[%emt 0:00:09]} 32. Re7+ {[%emt 0:00:08]} Rxe7 {[%emt 0:00:12]} 33. Qxe7+ {[%emt 0:00:02]} Kh6 {[%emt 0:01:22]} 34. Qe3+ {[%emt 0:12:30]} Kg7 {[%emt 0:00:19]} 35. Qd3 {[%emt 0:01:18]} Qe6 {[%emt 0:00:22]} 36. f4 {[%emt 0:01:08]} Qe1+ {[%emt 0:01:04]} 37. Ka2 {[%emt 0:00:02]} Qe6+ {[%emt 0:00:08]} 38. b3 {[%emt 0:00:18]} Qc6 {[%emt 0:00:14]} 39. Kb2 {[%emt 0:01:06]} Qc7 {[%emt 0:00:16]} 40. Qd4 {[%emt 0:00:00]} Qe7 {[%emt 0:00:00]} 41. a4 {[%emt 0:03:24]} Kh6 {[%emt 0:07:21]} 42. Qd5 {[%emt 0:06:38]} g5 {[%emt 0:04:15]} 43. f5 {[%emt 0:10:23]} Kh5 {[%emt 0:06:32]} 44. Qf3+ {[%emt 0:05:29]} g4 {[%emt 0:03:40]} 45. Qh1+ {[%emt 0:00:56]} Kg5 {[%emt 0:00:11]} 46. Qh4+ {[%emt 0:00:20]} Kxf5 {[%emt 0:00:30]} 47. Qh5+ {[%emt 0:00:06]} Ke4 {[%emt 0:02:01]} 48. Qxg4+ {[%emt 0:00:11]} Ke3 {[%emt 0:00:10]} 49. Qf4+ {[%emt 0:01:26]} Ke2 {[%emt 0:00:16]} 50. g4 {[%emt 0:03:28]} Qd8 {[%emt 0:02:39]} 51. Qe4+ {[%emt 0:04:29]} Kf2 {[%emt 0:01:13]} 52. b4 {[%emt 0:05:44]} Kg3 {[%emt 0:01:18]} 53. Qf5 {[%emt 0:11:07]} Qe7 {[%emt 0:03:42]} 54. Kb3 {[%emt 0:01:08]} Qd8 {[%emt 0:00:34]} 55. Kc3 {[%emt 0:01:08]} Qc7+ {[%emt 0:01:34]} 56. Kb3 {[%emt 0:00:31]} Qd8 {[%emt 0:00:09]} 57. Qe6 {[%emt 0:01:05]} Qd4 {[%emt 0:01:14]} 58. a5 {[%emt 0:00:34]} bxa5 {[%emt 0:01:03]} 59. bxa5 {[%emt 0:00:05]} Qa1 {[%emt 0:01:29]} 60. Qe3+ {[%emt 0:00:37]} Kxg4 {[%emt 0:00:09]} 61. Qxa7 {[%emt 0:00:07]} Qb1+ {[%emt 0:00:30]} 62. Kc3 {[%emt 0:00:13]} Qe1+ {[%emt 0:00:51]} 63. Kb2 {[%emt 0:00:58]} Qb4+ {[%emt 0:00:21]} 64. Ka2 {[%emt 0:00:17]} Qa4+ {[%emt 0:00:28]} 65. Kb1 {[%emt 0:00:14]} Qb4+ {[%emt 0:00:11]} 66. Ka2 {[%emt 0:01:03]} Qa4+ {[%emt 0:00:04]} 67. Kb1 {[%emt 0:00:29]} Qb4+ {[%emt 0:00:05]} 68. Ka1 {[%emt 0:00:21]} Qa4+ {[%emt 0:00:07]} 69. Kb1 1/2-1/2

[Event "22nd ETCC Women 2019"]
[Site "Batumi"]
[Date "2019.10.25"]
[Round "2.24"]
[White "Lehaci, Miruna-Daria"]
[Black "Ratsma, Rosa"]
[Result "1-0"]
[WhiteElo "2131"]
[BlackElo "2283"]
[Annotator "NA"]
[PlyCount "53"]
[EventDate "2019.10.24"]
[EventType "team-tourn"]
[EventCountry "GEO"]
[SourceTitle "playchess.com"]
[Source "ChessBase"]
[SourceQuality "1"]
[WhiteTeam "Romania"]
[BlackTeam "Netherlands"]
[WhiteTeamCountry "ROU"]
[BlackTeamCountry "NED"]
[TimeControl "40/5400+30:1800+30"]

1. d4 {[%emt 0:00:00]} Nf6 {[%emt 0:00:00]} 2. Nf3 {[%emt 0:00:00]} d5 {[%emt 0:00:00]} 3. c4 {[%emt 0:00:00]} e6 {[%emt 0:00:09]} 4. Nc3 {[%emt 0:00:00]} c6 {[%emt 0:06:26]} 5. e3 {[%emt 0:00:46]} Be7 {[%emt 0:00:38]} 6. Bd3 {[%emt 0:01:02]} dxc4 {[%emt 0:02:27]} 7. Bxc4 {[%emt 0:00:07]} Nbd7 {[%emt 0:04:09]} 8. a4 {[%emt 0:07:01]} O-O {[%emt 0:03:05]} 9. O-O {[%emt 0:00:44]} c5 {[%emt 0:02:17]} 10. Qe2 {[%emt 0:06:30]} cxd4 {[%emt 0:04:41]} 11. exd4 {[%emt 0:02:09]} Nb6 {[%emt 0:00:30]} 12. Bb3 {[%emt 0:05:30]} Nbd5 {[%emt 0:05:56]} 13. Ne5 {[%emt 0:07:38]} Nb4 {[%emt 0:15:40]} 14. Rd1 {[%emt 0:04:57]} b6 {[%emt 0:03:44]} 15. Na2 {[%emt 0:14:52]} Nfd5 {[%emt 0:06:59]} 16. Nxb4 {[%emt 0:08:54]} Nxb4 {[%emt 0:12:19]} 17. Qe4 {[%emt 0:03:38]} Ba6 {[%emt 0:03:25]} 18. Nxf7 {[%emt 0:13:19]} Rxf7 {[%emt 0:00:23]} 19. Bxe6 {[%emt 0:00:36]} Rc8 {[%emt 0:07:25]} 20. Ra3 {[%emt 0:02:14]} Bc4 {[%emt 0:04:18]} 21. Rh3 {[%emt 0:02:04]} g6 {[%emt 0:01:49]} 22. d5 {[%emt 0:00:43]} Bxd5 {[%emt 0:08:32]} 23. Bxf7+ {[%emt 0:01:18]} Kxf7 {[%emt 0:02:53]} 24. Rxh7+ {[%emt 0:00:07]} Kf6 {[%emt 0:01:26]} 25. Bg5+ {[%emt 0:00:39]} Kxg5 {[%emt 0:00:08]} 26. Qe5+ Kg4 {[%emt 0:00:06]} 27. h3# {[%emt 0:00:15]} 1-0

[Event "22nd ETCC Women 2019"]
[Site "Batumi"]
[Date "2019.10.25"]
[Round "2.24"]
[White "Cuvelier, Annelies"]
[Black "Bhatia, Kanwal K"]
[Result "0-1"]
[WhiteElo "1844"]
[BlackElo "2038"]
[Annotator "NA"]
[PlyCount "118"]
[EventDate "2019.10.24"]
[EventType "team-tourn"]
[EventCountry "GEO"]
[SourceTitle "playchess.com"]
[Source "ChessBase"]
[SourceQuality "1"]
[WhiteTeam "Belgium"]
[BlackTeam "England"]
[WhiteTeamCountry "BEL"]
[BlackTeamCountry "ENG"]
[TimeControl "40/5400+30:1800+30"]

1. e4 {[%emt 0:00:00]} e5 {[%emt 0:00:00]} 2. Nf3 {[%emt 0:00:00]} Nc6 {[%emt 0:00:00]} 3. Bb5 {[%emt 0:00:00]} a6 {[%emt 0:00:00]} 4. Ba4 {[%emt 0:00:00]} Nf6 {[%emt 0:00:00]} 5. O-O {[%emt 0:00:04]} Be7 {[%emt 0:00:45]} 6. Re1 {[%emt 0:00:26]} b5 {[%emt 0:00:09]} 7. Bb3 {[%emt 0:00:04]} d6 {[%emt 0:00:09]} 8. c3 {[%emt 0:00:08]} O-O {[%emt 0:00:12]} 9. h3 {[%emt 0:00:26]} Nb8 {[%emt 0:00:46]} 10. d4 {[%emt 0:00:38]} Nbd7 {[%emt 0:00:09]} 11. Nbd2 Bb7 {[%emt 0:00:14]} 12. Bc2 {[%emt 0:02:48]} Re8 {[%emt 0:00:25]} 13. Nf1 Bf8 {[%emt 0:00:16]} 14. Ng3 {[%emt 0:01:37]} g6 {[%emt 0:00:21]} 15. a4 {[%emt 0:13:22]} c5 {[%emt 0:01:01]} 16. d5 {[%emt 0:01:33]} c4 {[%emt 0:00:38]} 17. Bg5 {[%emt 0:03:07]} Be7 {[%emt 0:01:32]} 18. Be3 {[%emt 0:13:27]} Qc7 {[%emt 0:04:49]} 19. Qd2 {[%emt 0:01:42]} Reb8 {[%emt 0:06:02]} 20. Ra3 {[%emt 0:03:20]} Nc5 {[%emt 0:11:14]} 21. Bg5 {[%emt 0:14:43]} Bc8 {[%emt 0:03:22]} 22. axb5 {[%emt 0:14:22]} Rxb5 {[%emt 0:09:26]} 23. Ba4 {[%emt 0:02:00]} Rb6 {[%emt 0:05:22]} 24. Qc2 {[%emt 0:06:03]} Rab8 {[%emt 0:00:53]} 25. Re2 {[%emt 0:02:38]} Rxb2 {[%emt 0:24:31]} 26. Qxb2 {[%emt 0:02:39]} Rxb2 {[%emt 0:00:06]} 27. Rxb2 {[%emt 0:00:05]} Nfxe4 {[%emt 0:02:35]} 28. Nxe4 {[%emt 0:01:18]} Nxe4 {[%emt 0:00:04]} 29. Bxe7 {[%emt 0:02:35]} Qxe7 {[%emt 0:00:14]} 30. Rb8 {[%emt 0:00:52]} Qc7 {[%emt 0:00:55]} 31. Ra8 {[%emt 0:02:32]} Qc5 {[%emt 0:07:28]} 32. Ra1 {[%emt 0:01:44]} Kg7 {[%emt 0:01:44]} 33. Kh2 {[%emt 0:02:28]} Bb7 {[%emt 0:02:02]} 34. Re8 {[%emt 0:00:57]} Qxf2 {[%emt 0:01:32]} 35. Bc6 {[%emt 0:01:58]} Qb6 {[%emt 0:02:11]} 36. Bxb7 {[%emt 0:01:39]} Qxb7 {[%emt 0:00:07]} 37. Rd8 {[%emt 0:00:21]} Kf6 {[%emt 0:11:57]} 38. Ra4 {[%emt 0:00:28]} Ke7 {[%emt 0:00:18]} 39. Rh8 {[%emt 0:00:21]} Qb5 {[%emt 0:01:39]} 40. Rb4 {[%emt 0:00:00]} Qxd5 {[%emt 0:00:00]} 41. Rxh7 {[%emt 0:01:00]} Nf6 {[%emt 0:03:55]} 42. Rh8 {[%emt 0:00:35]} e4 {[%emt 0:01:05]} 43. Nd4 {[%emt 0:00:21]} e3 {[%emt 0:06:01]} 44. Rc8 {[%emt 0:03:09]} Ne4 {[%emt 0:03:56]} 45. Rbxc4 {[%emt 0:02:11]} Qe5+ {[%emt 0:02:09]} 46. Kg1 {[%emt 0:00:37]} Kf6 {[%emt 0:03:50]} 47. Nf3 {[%emt 0:00:55]} e2 {[%emt 0:05:29]} 48. Ra4 {[%emt 0:05:49]} Qf4 {[%emt 0:01:20]} 49. Ra1 {[%emt 0:00:55]} Qe3+ {[%emt 0:02:35]} 50. Kh2 {[%emt 0:00:11]} Qf2 {[%emt 0:01:49]} 51. Re8 {[%emt 0:02:07]} Ng3 {[%emt 0:01:41]} 52. Re1 {[%emt 0:04:22]} Nf1+ {[%emt 0:00:13]} 53. Kh1 {[%emt 0:00:05]} Ng3+ {[%emt 0:00:44]} 54. Kh2 {[%emt 0:00:06]} Nf1+ {[%emt 0:00:02]} 55. Kh1 {[%emt 0:00:04]} Ne3 {[%emt 0:00:03]} 56. Rg1 {[%emt 0:00:49]} Nf1 {[%emt 0:00:48]} 57. c4 {[%emt 0:01:51]} a5 {[%emt 0:00:22]} 58. h4 {[%emt 0:01:41]} Kg7 {[%emt 0:00:20]} 59. Re7 {[%emt 0:01:53]} a4 {[%emt 0:00:16]} 0-1

[Event "22nd ETCC Women 2019"]
[Site "Batumi"]
[Date "2019.10.25"]
[Round "2.25"]
[White "Rapport, Jovana"]
[Black "Socko, Monika"]
[Result "0-1"]
[WhiteElo "2379"]
[BlackElo "2417"]
[Annotator "NA"]
[PlyCount "148"]
[EventDate "2019.10.24"]
[EventType "team-tourn"]
[EventCountry "GEO"]
[SourceTitle "playchess.com"]
[Source "ChessBase"]
[SourceQuality "1"]
[WhiteTeam "Serbia"]
[BlackTeam "Poland"]
[WhiteTeamCountry "SRB"]
[BlackTeamCountry "POL"]
[TimeControl "40/5400+30:1800+30"]

1. d4 {[%emt 0:00:00]} Nf6 {[%emt 0:00:00]} 2. Nf3 {[%emt 0:00:00]} g6 {[%emt 0:00:00]} 3. Nc3 {[%emt 0:00:02]} d5 {[%emt 0:00:00]} 4. Bf4 {[%emt 0:00:09]} Bg7 {[%emt 0:00:00]} 5. e3 {[%emt 0:00:59]} O-O $11 {[%emt 0:00:19]} 6. Nb5 {[%emt 0:00:27]} Na6 {[%emt 0:00:13]} 7. h3 {[%emt 0:02:31]} Ne4 {[%emt 0:00:14]} 8. Be2 {[%emt 0:03:05]} c6 {[%emt 0:01:24]} 9. Na3 {[%emt 0:06:26]} Nc7 {[%emt 0:15:44]} 10. c4 {[%emt 0:03:31]} Ne6 11. Be5 Qa5+ {[%emt 0:06:11]} 12. Kf1 {[%emt 0:13:02]} f6 {[%emt 0:01:45]} 13. Bh2 {[%emt 0:00:28]} N6g5 {[%emt 0:11:05]} 14. Qe1 {[%emt 0:05:13]} Qb6 {[%emt 0:05:09]} 15. Rb1 {[%emt 0:04:38]} e5 {[%emt 0:08:24]} 16. c5 {[%emt 0:09:28]} Qd8 {[%emt 0:00:33]} 17. h4 {[%emt 0:01:52]} Nf7 {[%emt 0:00:25]} 18. b4 {[%emt 0:09:16]} Nh6 {[%emt 0:05:02]} 19. Nc2 {[%emt 0:04:33]} Ng4 {[%emt 0:02:50]} 20. Bg1 {[%emt 0:00:07]} h5 {[%emt 0:01:27]} 21. Nh2 {[%emt 0:04:23]} f5 {[%emt 0:03:37]} 22. f4 {[%emt 0:13:52]} exf4 {[%emt 0:01:23]} 23. exf4 {[%emt 0:00:02]} a5 {[%emt 0:04:12]} 24. Nf3 {[%emt 0:05:12]} axb4 {[%emt 0:00:06]} 25. Nxb4 {[%emt 0:00:07]} Ra3 {[%emt 0:00:40]} 26. Rh3 {[%emt 0:03:38]} Bh6 {[%emt 0:10:32]} 27. Ng5 {[%emt 0:02:21]} Bxg5 {[%emt 0:02:56]} 28. hxg5 {[%emt 0:01:32]} Ra4 {[%emt 0:00:25]} 29. Rb2 {[%emt 0:00:52]} Qc7 {[%emt 0:04:35]} 30. Qc1 {[%emt 0:00:50]} Re8 {[%emt 0:00:28]} 31. Bd1 {[%emt 0:00:41]} Ra8 {[%emt 0:01:21]} 32. Nd3 {[%emt 0:00:17]} Qe7 {[%emt 0:04:24]} 33. Ne5 {[%emt 0:04:03]} Nxe5 {[%emt 0:00:47]} 34. dxe5 {[%emt 0:00:02]} Ra5 {[%emt 0:00:08]} 35. Rc2 {[%emt 0:01:10]} Be6 {[%emt 0:00:19]} 36. Bd4 {[%emt 0:01:06]} Rea8 {[%emt 0:00:04]} 37. a3 {[%emt 0:01:23]} Ra4 {[%emt 0:01:46]} 38. Rd3 {[%emt 0:01:01]} Rc4 {[%emt 0:00:38]} 39. Qe3 {[%emt 0:00:17]} Ra5 {[%emt 0:00:38]} 40. Bc3 {[%emt 0:00:00]} Rxa3 {[%emt 0:00:00]} 41. Bd4 {[%emt 0:09:15]} Rxd3 {[%emt 0:05:47]} 42. Qxd3 {[%emt 0:00:08]} Nxc5 {[%emt 0:00:19]} 43. Qe3 {[%emt 0:01:29]} Rxc2 {[%emt 0:04:34]} 44. Bxc2 {[%emt 0:00:03]} Nd7 {[%emt 0:00:14]} 45. Qb3 {[%emt 0:03:24]} b5 {[%emt 0:00:35]} 46. Bf2 {[%emt 0:07:57]} d4 {[%emt 0:06:43]} 47. Qb1 {[%emt 0:03:25]} Qc5 {[%emt 0:04:29]} 48. Bb3 {[%emt 0:03:50]} Kf7 {[%emt 0:05:44]} 49. Qd1 {[%emt 0:02:17]} Bc4+ {[%emt 0:09:16]} 50. Kg1 {[%emt 0:00:09]} Ke6 {[%emt 0:02:59]} 51. Bxd4 {[%emt 0:02:01]} Qd5 {[%emt 0:00:48]} 52. Bxc4 {[%emt 0:00:29]} bxc4 {[%emt 0:00:31]} 53. Qa1 {[%emt 0:00:17]} Qe4 {[%emt 0:01:17]} 54. g3 {[%emt 0:00:23]} h4 {[%emt 0:00:43]} 55. Qc3 {[%emt 0:00:36]} hxg3 {[%emt 0:00:58]} 56. Qxc4+ {[%emt 0:00:02]} Qd5 {[%emt 0:00:27]} 57. Qxd5+ {[%emt 0:03:32]} Kxd5 {[%emt 0:00:21]} 58. Be3 Nf8 {[%emt 0:00:51]} 59. Kg2 {[%emt 0:00:37]} Ke4 {[%emt 0:00:13]} 60. Bc1 {[%emt 0:00:18]} Ne6 {[%emt 0:00:32]} 61. Kxg3 {[%emt 0:00:03]} c5 {[%emt 0:00:28]} 62. Kf2 {[%emt 0:00:07]} Kd3 {[%emt 0:00:05]} 63. Ke1 {[%emt 0:01:17]} Kc2 {[%emt 0:00:01]} 64. Be3 {[%emt 0:00:19]} c4 {[%emt 0:00:08]} 65. Ke2 {[%emt 0:00:01]} c3 {[%emt 0:00:08]} 66. Ke1 {[%emt 0:01:31]} Kb2 {[%emt 0:00:28]} 67. Ke2 {[%emt 0:00:07]} c2 {[%emt 0:00:10]} 68. Kd3 {[%emt 0:00:01]} c1=Q {[%emt 0:00:12]} 69. Bxc1+ {[%emt 0:00:04]} Kxc1 {[%emt 0:00:03]} 70. Kc4 {[%emt 0:00:45]} Nxf4 {[%emt 0:00:49]} 71. Kc5 {[%emt 0:00:01]} Ne6+ {[%emt 0:00:32]} 72. Kd6 {[%emt 0:00:01]} Nxg5 {[%emt 0:00:05]} 73. Ke7 {[%emt 0:00:02]} f4 {[%emt 0:01:15]} 74. Kf6 {[%emt 0:00:01]} Ne4+ {[%emt 0:00:09]} 0-1

[Event "22nd ETCC Women 2019"]
[Site "Batumi"]
[Date "2019.10.25"]
[Round "2.25"]
[White "Stojkovska, Monika"]
[Black "Unuk, Laura"]
[Result "1-0"]
[WhiteElo "2108"]
[BlackElo "2278"]
[Annotator "NA"]
[PlyCount "77"]
[EventDate "2019.10.24"]
[EventType "team-tourn"]
[EventCountry "GEO"]
[SourceTitle "playchess.com"]
[Source "ChessBase"]
[SourceQuality "1"]
[WhiteTeam "Macedonia"]
[BlackTeam "Slovenia"]
[WhiteTeamCountry "MKD"]
[BlackTeamCountry "SLO"]
[TimeControl "40/5400+30:1800+30"]

1. d4 {[%emt 0:00:00]} Nf6 {[%emt 0:01:06]} 2. c4 {[%emt 0:00:00]} e6 {[%emt 0:00:30]} 3. Nc3 {[%emt 0:00:00]} d5 {[%emt 0:05:47]} 4. cxd5 {[%emt 0:00:52]} exd5 {[%emt 0:00:20]} 5. Bg5 {[%emt 0:00:15]} c6 {[%emt 0:02:54]} 6. e3 {[%emt 0:00:11]} h6 {[%emt 0:00:11]} 7. Bh4 {[%emt 0:03:16]} Be7 {[%emt 0:00:51]} 8. Qc2 {[%emt 0:00:33]} Nbd7 {[%emt 0:02:47]} 9. Bd3 {[%emt 0:03:11]} O-O {[%emt 0:02:32]} 10. Nf3 {[%emt 0:02:44]} Re8 {[%emt 0:01:06]} 11. Bg3 {[%emt 0:03:58]} Qa5 {[%emt 0:24:05]} 12. h3 {[%emt 0:06:06]} c5 {[%emt 0:00:56]} 13. O-O {[%emt 0:14:25]} c4 {[%emt 0:06:02]} 14. Bf5 {[%emt 0:02:17]} Bf8 {[%emt 0:17:04]} 15. Ne5 {[%emt 0:17:48]} Nxe5 {[%emt 0:13:14]} 16. dxe5 {[%emt 0:05:12]} Bxf5 {[%emt 0:04:05]} 17. Qxf5 {[%emt 0:00:21]} Nh7 {[%emt 0:00:20]} 18. Rfd1 {[%emt 0:04:53]} Rad8 {[%emt 0:00:09]} 19. Bh4 {[%emt 0:11:05]} g5 {[%emt 0:06:21]} 20. Bg3 {[%emt 0:00:18]} Bb4 {[%emt 0:02:22]} 21. e6 {[%emt 0:03:05]} Rxe6 {[%emt 0:01:41]} 22. Nxd5 {[%emt 0:00:28]} Rde8 {[%emt 0:05:43]} 23. Qc2 {[%emt 0:01:06]} Rc6 {[%emt 0:00:18]} 24. a3 {[%emt 0:02:01]} Bf8 {[%emt 0:00:05]} 25. Qf5 {[%emt 0:01:59]} Qc5 {[%emt 0:00:49]} 26. Rac1 {[%emt 0:00:35]} Bg7 {[%emt 0:00:31]} 27. b4 {[%emt 0:01:31]} Qf8 {[%emt 0:00:03]} 28. Rc2 {[%emt 0:02:13]} Rec8 {[%emt 0:00:42]} 29. Qd7 {[%emt 0:02:05]} Re6 {[%emt 0:01:03]} 30. Qxb7 {[%emt 0:00:48]} Nf6 {[%emt 0:00:46]} 31. Nc7 {[%emt 0:01:37]} Re7 {[%emt 0:00:23]} 32. Rxc4 {[%emt 0:00:58]} Rb8 {[%emt 0:00:42]} 33. Qf3 {[%emt 0:00:27]} Rc8 {[%emt 0:00:25]} 34. Bd6 {[%emt 0:00:59]} g4 {[%emt 0:00:32]} 35. hxg4 {[%emt 0:00:15]} Kh8 {[%emt 0:00:30]} 36. Bxe7 {[%emt 0:01:17]} Qxe7 {[%emt 0:00:03]} 37. Nd5 {[%emt 0:00:21]} Qe6 {[%emt 0:00:31]} 38. Rxc8+ {[%emt 0:00:10]} Qxc8 {[%emt 0:00:03]} 39. Nxf6 {[%emt 0:00:06]} 1-0

[Event "22nd ETCC Women 2019"]
[Site "Batumi"]
[Date "2019.10.25"]
[Round "2.26"]
[White "Zawadzka, Jolanta"]
[Black "Injac, Teodora"]
[Result "1/2-1/2"]
[WhiteElo "2406"]
[BlackElo "2257"]
[Annotator "TA"]
[PlyCount "169"]
[EventDate "2019.10.24"]
[EventType "team-tourn"]
[EventCountry "GEO"]
[SourceTitle "playchess.com"]
[Source "ChessBase"]
[SourceQuality "1"]
[WhiteTeam "Poland"]
[BlackTeam "Serbia"]
[WhiteTeamCountry "POL"]
[BlackTeamCountry "SRB"]

{[%evp 26,169,12,7,23,6,29,0,0,0,18,0,14,16,56,52,56,52,72,57,66,55,62,57,64,50,116,128,133,126,104,66,104,68,137,133,136,127,131,128,145,129,183,185,175,173,193,168,216,178,217,205,231,183,218,210,264,267,275,268,277,270,289,293,293,301,427,416,467,467,619,436,423,374,568,560,725,600,704,676,675,667,670,550,545,535,543,512,516,528,518,502,457,405,395,396,476,548,1123,1095,1037,890,866,698,683,238,238,237,472,333,480,394,487,579,586,294,294,287,243,0,579,593,495,340,369,333,314,285,204,36,36,36,58,58,66,0,0,0,0,0,0,0,0,0,0,0]} 1. e4 c5 2. Nf3 d6 3. d4 cxd4 4. Nxd4 Nf6 5. Nc3 a6 6. Be2 e5 7. Nb3 Be7 8. O-O O-O 9. Be3 Be6 10. Qd2 Nbd7 11. a4 Rc8 12. a5 Qc7 13. Rfd1 Rfd8 14. Qe1 h6 {B92: Sicilian Najdorf: 6 Be2} 15. Nc1 Nh7 16. f3 Nhf6 17. Bf1 $146 ({Predecessor:} 17. Nd3 d5 18. exd5 Bxd5 19. Rdc1 Be6 20. Kh1 Qb8 21. Qg1 {½-½ (75) Wang,R (2398)-Bologan,V (2661) China 2014}) 17... Ra8 18. Qf2 Qc6 19. Qd2 Rac8 20. N1a2 Qc7 21. Nb4 Qb8 22. Qf2 Nc5 23. Nbd5 (23. g3 {is interesting.} Ncd7 24. Ncd5 Nxd5 25. Nxd5 Bxd5 26. exd5 f5 27. b4) 23... Nxd5 24. Nxd5 Bxd5 25. Rxd5 b5 (25... Bg5 $14) 26. axb6 $1 $16 Qxb6 27. b3 a5 28. Kh1 Ra8 29. Bc4 Qc7 (29... a4 $1 $14) 30. Rdd1 Bg5 31. Bxg5 hxg5 32. Bd5 Ra7 33. Qd2 Ne6 (33... a4 $16 34. bxa4 (34. Qxg5 Rb8 $16) 34... Nxa4) 34. Bxe6 $18 fxe6 35. Qxg5 Raa8 36. c4 Qb6 37. Rab1 Re8 38. h3 Qc6 39. Qd2 Red8 40. Ra1 a4 41. bxa4 Qxc4 42. Rdc1 Qd4 {[#]} 43. Qg5 $1 {White threatens Rc7! and mate.} Rd7 44. Qg6 Re7 45. a5 {[%cal Ba4a5,Ba5a6][%mdl 32]} Qd2 (45... d5 $142 46. exd5 exd5) 46. Rc6 Rf8 47. a6 Qb2 48. Rac1 {[#] aiming for Rc8.} Qb8 49. Qg5 Ref7 (49... Rd7 {was necessary.} 50. Qg6 Re7) 50. Qd2 Rd8 51. Qa2 Re7 52. Rb1 Qa7 53. Rbb6 Rb8 54. Rxb8+ Qxb8 {[%mdl 4096] Endgame KQR-KQR} 55. Qa5 Kf7 56. Rc1 Ra7 57. Kh2 Rd7 58. Qa4 Ke7 59. Ra1 Ra7 60. Qc6 Qb4 61. Qc8 Qc5 62. Qg8 Kf6 63. Qd8+ Kg6 64. h4 Qc6 65. Qa5 $2 (65. Rb1) 65... Kf7 66. Kh3 Kf6 $2 (66... d5 {was called for.} 67. g3 Qd6) 67. g4 Kg6 (67... Ra8 $142 68. a7 Qc8) 68. Kg3 d5 69. h5+ Kf7 70. Qa4 Qc3 {and the idea ...dxe4 leaves Black hopeful.} 71. Qa3 Qd4 72. Qa4 $2 ({Better is} 72. exd5 $18 exd5 73. Kh3) 72... Qe3 $2 {[%mdl 8192]} (72... Qc3 $1 $11 {and Black is okay.}) 73. exd5 exd5 74. Qc6 Qf4+ 75. Kg2 Qd2+ 76. Kh3 Qd3 77. Qg6+ $2 (77. Kg3 $18) 77... Qxg6 $14 78. hxg6+ Kxg6 {KR-KR} 79. Ra5 Kf6 80. Rxd5 ({White should try} 80. Kg3 $14) 80... Rxa6 $11 {The position is equal.} 81. Kg3 Ra2 82. Rb5 Rc2 83. Rb6+ Kf7 84. Rb5 Kf6 85. Rb6+ {Accuracy: White = 56%, Black = 30%.} 1/2-1/2